| 000 | 01608cam a22004577a 4500 | ||
|---|---|---|---|
| 001 | 000093345 | ||
| 003 | CHAP | ||
| 005 | 20220329142931.0 | ||
| 008 | 050314d2005 mx r 00110 spa d | ||
| 010 | _a89811 | ||
| 011 | _a90783 | ||
| 035 | _a101340 | ||
| 040 | _cCHAP | ||
| 090 | _aTesis | ||
| 100 | 0 | 0 |
_aGómez Hernández, Jacinto. _949751 |
| 245 | 1 | 0 |
_aExtracción de macronutrimentos en frambueso rojo (Rubus idaeus L.) / _c/por Jacinto Gómez Hernández. |
| 260 |
_aChapingo, Méx. : _bEl autor, _c2005. |
||
| 300 | _a84 h. | ||
| 502 | _aTesis (Ing. Agr. Esp. en Fitotecnia) -- UACH. Departamento de Fitotecnia | ||
| 590 |
_aALEPH _b10 _c20130110 _lUCH01 _h1504 |
||
| 590 |
_aBATCH-UPD _b10 _c20130110 _lUCH01 _h0536 |
||
| 590 |
_aBATCH-UPD _b10 _c20130110 _lUCH01 _h2306 |
||
| 590 |
_aBATCH-UPD _b10 _c20130410 _lUCH01 _h0216 |
||
| 590 |
_aBATCH-UPD _b10 _c20130914 _lUCH01 _h0638 |
||
| 590 |
_aBATCH-UPD _b10 _c20140324 _lUCH01 _h1449 |
||
| 590 |
_aBATCH-UPD _b10 _c20141002 _lUCH01 _h0825 |
||
| 590 |
_aCONVERSION _b10 _c20130109 _lUCH01 _h1350 |
||
| 590 |
_aE12093SGE _b10 _c20130619 _lUCH01 _h1126 |
||
| 650 | 1 | 4 |
_aBiomasa. _912825 |
| 650 | 1 | 4 |
_aFertilizantes _xEfecto en cultivos. _940505 |
| 650 | 1 | 4 |
_aFrambuesa. _942867 |
| 650 | 1 | 4 |
_aPlantas _xNutrición. _988874 |
| 650 | 1 | 4 |
_aRubus idaeus. _9100513 |
| 856 |
_3Finding aid _uhttp://10.13.5.2/tesis/101340.pdf _zTeclea aquí |
||
| 901 | _aBK | ||
| 905 | _aAlejandra Carrasco M. | ||
| 942 | _cCD | ||
| 942 | _n0 | ||
| 949 |
_aTesis _bBC _cTES _d1013401 _eTS1 _h43444 _i101340 _sb |
||
| 949 |
_aTesis _bBC _cTES _d33724000795381 _eTS2 _fc.2 _h43445 _i101340 _si |
||
| 999 |
_c89811 _d89811 |
||